000 00496nam a2200157Ia 4500
005 20250508163512.0
008 008 250505s9999 xx 000 0 eng d
037 _aTextual
040 _aFEDL
_beng
_cFEDL
041 _aeng
_2eng
084 _a372.21, UNE
_qFEDL
245 0 _aUniversal and the national in preschool education : Paper from the OMEP international seminar. Moscow 4-7 December 1991
300 _a128p.
942 _cTEXL
_h372.21, UNE
999 _c1383738
_d1383738